000 00627nam a2200241Ia 4500
001 46481
005 20240114003754.0
007 ta
008 090331s1949 g b000 u u
020 _cHB
040 _aCotton College,Assam
082 _a891.441
_bSe 55 p
100 _aSen, Nabin Chandra .
245 0 _aPalashir Juddha /
_cNabin Chandra Sen.
_hTextual Documents
250 _a1st ed. /
260 _aCalcutta :
_bGurudas Chattupadya ,
_c1949.
300 _a152p. ;
_c16 cm..
653 _aT/G-Assamese
653 _aT/G-History
942 _2ddc
_cBK
999 _c46446
_d46446